| 000 | 00792nam a2200193Ia 4500 | ||
|---|---|---|---|
| 008 | 151119s9999||||xx |||||||||||||| ||und|| | ||
| 082 | _a892.3 | ||
| 082 | _bGKKV16841 | ||
| 100 | _aचिपळूणकर विष्णुशास्त्री | ||
| 245 | _aसुरस आणि चमत्कारिक गोष्टी भाग ३ | ||
| 260 | _a-- | ||
| 260 | _b-- | ||
| 260 | _c1980 | ||
| 600 | _aचिपळूणकर विष्णुशास्त्री | ||
| 630 | _aसुरस आणि चमत्कारिक गोष्टी भाग ३ | ||
| 700 | _aचिपळूणकर विष्णुशास्त्री | ||
| 730 | _aसुरस आणि चमत्कारिक गोष्टी भाग ३ | ||
| 942 | _cBOOK | ||
| 999 |
_c1070084 _d1070081 |
||